イナズマイレブンの必殺技 - Statistics

General Stats
  • This quiz has been taken 51 times
    46 since last reset
  • The average score is 91 of 251
Answer Stats
技使用者 技名 % Correct
円堂、立向居 ゴッドハンド
91%
壁山 ザ・ウォール
77%
円堂、立向居 マジン・ザ・ハンド
74%
塔子 ザ・タワー
69%
豪炎寺、下鶴 ファイアトルネード
69%
円堂 熱血パンチ
66%
円堂 爆裂パンチ
66%
相戸留 ゴールずらし
66%
円堂 イジゲン・ザ・ハンド
66%
土門、成神 キラースライド
66%
円堂 いかりのてっつい
63%
円堂 ゴッドキャッチ
63%
鬼道×佐久間×寺門他 皇帝ペンギン2号
63%
源田 パワーシールド
60%
立向居 ムゲン・ザ・ハンド
60%
源田 ビーストファング
60%
アフロディ、砂木沼 ゴッドノウズ
60%
源田 フルパワーシールド
57%
ポセイドン ツナミウォール
57%
デザーム、ゼル ワームホール
57%
ロココ タマシイ・ザ・ハンド
57%
西垣、栗松 スピニングカット
57%
木暮 旋風陣
57%
塔子×木暮×綱海 パーフェクト・タワー
57%
染岡 ドラゴンクラッシュ
57%
佐久間 皇帝ペンギン1号
57%
鬼道×不動×佐久間 皇帝ペンギン3号
57%
綾野×塩谷×牧谷源田×郷院×牧谷 無限の壁
54%
円堂 正義の鉄拳
54%
デザーム、源田 ドリルスマッシャー
54%
吹雪 アイスグランド
54%
土方 スーパーしこふみ
54%
壁山 ザ・マウンテン
54%
アフロディ ヘブンズタイム
54%
佐久間×寺門×洞面 デスゾーン
54%
吹雪 エターナルブリザード
54%
バーン×ガゼル ファイアブリザード
54%
豪炎寺×虎丸×ヒロト グランドファイア
54%
ロココ、ケーン ゴッドハンドX
54%
ポセイドン ギガントウォール
51%
円堂 オメガ・ザ・ハンド
51%
飛鷹 真空魔
51%
豪炎寺×染岡 ドラゴントルネード
51%
豪炎寺×壁山 イナズマ落とし
51%
円堂×豪炎寺×吹雪 ジ・アース
51%
染岡 ドラゴンスレイヤー
51%
杉森 シュートポケット
49%
ネロ 時空の壁
49%
立向居 魔王・ザ・ハンド
49%
吹雪 スノーエンジェル
49%
鬼道、デモーニオ他 イリュージョンボール
49%
豪炎寺×風丸 炎の風見鶏
49%
豪炎寺 爆熱ストーム
49%
吹雪 ウルフレジェンド
49%
綱海 ツナミブースト
49%
吹雪×染岡 ワイバーンブリザード
49%
豪炎寺×吹雪 クロスファイア
49%
ガゼル ノーザンインパクト
49%
シャドウ ダークトルネード
49%
アフロディ×南雲×涼野 カオスブレイク
49%
エドガー エクスカリバー
49%
グレント バーンアウト
46%
ザゴメル×ブボー×ゲボー ハイボルテージ
46%
影野 コイルターン
46%
土門 ボルケイノカット
46%
一之瀬 フレイムダンス
46%
河童 フェイクボンバー
46%
風丸 疾風ダッシュ
46%
染岡×目金 メガネクラッシュ
46%
円堂×豪炎寺×鬼道 イナズマブレイク
46%
鬼道×佐久間鬼道×一之瀬 ツインブースト
46%
円堂 メガトンヘッド
46%
染岡 ワイバーンクラッシュ
46%
レーゼ アストロブレイク
46%
グラン 流星ブレード
46%
バーン アトミックフレア
46%
豪炎寺 爆熱スクリュー
46%
虎丸 タイガードライブ
46%
虎丸 グラディウスアーチ
46%
ヒロト 天空落とし
46%
豪炎寺×虎丸 タイガーストーム
46%
吹雪×ヒロト ザ・バース
46%
アフロディ ゴッドブレイク
46%
一之瀬 ペガサスショット
46%
円堂×鬼道×土門 デスゾーン2
46%
ロココ Xブラスト
46%
杉森 ロケットこぶし
43%
ネロ プロキオンネット
43%
ベルガ アイスブロック
43%
ジンベイ グレートバリアリーフ
43%
ジョンス 大爆発張り手
43%
ブラージ コロッセオガード
43%
アスタロス ジ・エンド
43%
少林寺×宍戸 シューティングスター
43%
野部流、漫画他 五里霧中
43%
円堂×土門×一之瀬 ザ・フェニックス
43%
デザーム、下鶴 グングニル
43%
ゼル ガニメデプロトン
43%
ゼル×マキュア×メトロン ガイアブレイク
43%
グラン×ウルビダ×ウィーズ スペースペンギン
43%
風丸×染岡×マックス ダークフェニックス
43%
鬼道×吹雪×ヒロト ビッグバン
43%
円堂×豪炎寺×虎丸 ジェットストリーム
43%
フィディオ オーディンソード
43%
バダップ デススピアー
43%
バダップ×エスカバ×ミストレ デスブレイク
43%
円堂×豪炎寺 イナズマ1号
43%
円堂×豪炎寺×壁山 イナズマ1号落とし
43%
勝×友×努砂木沼×瀬方×伊豆野 トライアングルZ
43%
杉森×影野 デュアルスマッシュ
40%
杉森 ダブルロケット
40%
ボンバ イグナイトスティール
40%
風丸 分身ディフェンス
40%
テレス アイアンウォール
40%
風丸 風神の舞
40%
栗松 まぼろしドリブル
40%
円堂×土門×一之瀬 トライペガサス
40%
勝、友、努 バックトルネード
40%
リカ×玲華リカ×塔子 バタフライドリーム
40%
グラン×ウルビダ×ウィーズ スーパーノヴァ
40%
綱海 ザ・タイフーン
40%
風丸×吹雪 ザ・ハリケーン
40%
ジョーズ メガロドン
40%
カノン ゴッドキャノン
40%
虎丸 RCシュート
40%
デモーニオ 皇帝ペンギンX
40%
ゴルレオ ブラックホール
37%
ナセル ストームライダー
37%
ザゴメル エレキトラップ
37%
クララ、ゴッカ、ドロル フローズンスティール
37%
一之瀬 スピニングシュート
37%
風丸×栗松×宍戸 トリプルブースト
37%
一之瀬×マーク×ディラン グランフェンリル
37%
ロニージョ ストライクサンバ
37%
豪炎寺 マキシマムファイア
37%
豪炎寺×鬼道 プライムレジェンド
37%
鬼道×豪炎寺 ツインブーストF
37%
半田×マックス レボリューションV
37%
炭野×芹沢×山根 かごめかごめ
34%
マキュア、メトロン メテオシャワー
34%
緑川 ライトニングアクセル
34%
鬼道×不動 キラーフィールズ
34%
芸夢×漫画 ド根性バット
34%
吹雪×土方 サンダービースト
34%
風丸×壁山 竜巻落とし
34%
マーク×ディラン ユニコーンブースト
34%
エスカバ デスレイン
34%
軟山 タフネスブロック
31%
ホルヘ ミリオンハンズ
31%
エノレル ホーリーゾーン
31%
フォクス ビッグスパイダー
31%
万丈 サイクロン
31%
無敵 フェイクボール
31%
土門×マーク ジ・イカロス
31%
宍戸 グレネードショット
31%
エドガー パラディンストライク
31%
セイン ヘブンドライブ
31%
ゆがむ空間
29%
綾野 まき割りチョップ
29%
土洲 はなふぶき
29%
首里 ちゃぶだいがえし
29%
ザゴメル ニードルハンマー
29%
高坂 影縫い
29%
マックス クイックドロウ
29%
少林寺、阿太郎 竜巻旋風
29%
マキシ エアライド
29%
デメテル、瀬方 リフレクトバスター
29%
ヘラ ディバインアロー
29%
レーゼ×ディアム ユニバースブラスト
29%
ヒデ ブレイブショット
29%
ドラゴ ダブル・ジョー
29%
デスタ ダークマター
29%
ビリー フラッシュアッパー
26%
霧隠 残像
26%
ドロル、リオーネ ウォーターベール
26%
マックス、マスター クロスドライブ
26%
寺門 百烈ショット
26%
蛇丸 スネークショット
26%
下鶴 パトリオットシュート
26%
一之瀬 スパイラルショット
26%
リカ ローズスプラッシュ
26%
リカ つうてんかくシュート
26%
ビヨン ミラージュシュート
26%
ラファエレ フリーズショット
26%
ユーム×ゴーシュ デュアルストライク
26%
垣田 火炎放射
23%
ファルカオ カポエィラスナッチ
23%
風魔 くもの糸
23%
ディオ メガクェイク
23%
土方 ブレードアタック
23%
石平 アースクェイク
23%
郷院×寺門 ダブルサイクロン
23%
デメテル、砂木沼 ダッシュストーム
23%
チャンスウ ならく落とし
23%
ガト スーパーエラシコ
23%
サタナトス、アラクネス デビルボール
23%
半田 ローリングキック
23%
五利 ターザンキック
23%
レオーネ ヘルファイア
23%
キート ダブルグレネード
23%
ガニメデ グラビティション
20%
猿田 モンキーターン
20%
栗松 ダッシュアクセル
20%
極火×館野 合気道
20%
玲華 プリマドンナ
20%
ウイネル エンゼルボール
20%
幽谷、月村 ファントムシュート
20%
セイン×デスタ シャドウ・レイ
20%
百地 つむじ
17%
鉄壁 セーフティプロテクト
17%
ウミャン 地走り火炎
17%
ランス ストーンプリズン
17%
ウォルター グランドクェイク
17%
ゴーシュ ヒートタックル
17%
霧隠 土だるま
17%
柳生 分身シュート
17%
加賀美×木曽久 セキュリティショット
17%
宜保×古謝×池宮城 イーグルバスター
17%
クロウ×マンティス ジャッジスルー3
17%
フレディ ガラディーン
14%
児雷也×石川 四股踏み
14%
西垣×女川×光宗 ハリケーンアロー
14%
プロファイルゾーン
14%
角巣×五洋×疾風 ボディシールド
14%
平良×宜保×赤嶺 ノーエスケープ
14%
カロン フォトンフラッシュ
14%
石平×郷院 ハーヴェスト
14%
ラガルート ローリングスライド
14%
クロウ デーモンカット
14%
コヨーテ ガンショット
14%
エカデル ゴー・トゥー・ヘブン
11%
サタナトス ゴー・トゥー・ヘル
11%
エリック ウルトラムーン
11%
リュー ジグザグスパーク
11%
河童 ライアーショット
11%
田主丸 シャインドライブ
11%
筑紫×石山志賀×道端 ブロックサーカス
9%
バラクーダ グレイブストーン
9%
ゴルド ジグザグフレイム
9%
甲賀 分身フェイント
9%
サマー カンガルーキック
9%
ロベルト ドッグラン
9%
ケラルド マタドールフェイント
9%
加賀美×木曽久 トカチェフボンバー
9%
松林 レインボーループ
9%
ケラルド×サムエル×ダビ スリングショット
9%
原野 ラン・ボール・ラン
6%
吽助 クンフーアタック
6%
志賀×松林 ニニンサンキャク
3%
大鷲 コンドルダイブ
3%
育井 モグラフェイント
0%
No matching quizzes found
Score Distribution
Percent of People with Each Score
Percentile by Number Answered
Your Score History
You have not taken this quiz since the last reset